Affluents de la Seine - Statistiques

Statistiques générales
  • Ce quiz a été pris 97 fois
  • Le résultat moyen est 6 sur 11
Statistiques - réponses
Longueur (km) Débit Moyen (m3/s) Affluent % Correct
514 110 Marne
100%
341.1 109 Oise
92%
228.7 26.2 Eure
87%
292.3 93 Yonne
85%
248.3 41 Aube
65%
101.1 8.17 Essonne
56%
142.7 19 Loing
45%
113 9.8 Epte
27%
145 14 Risle
16%
100.4 8.6 Ource
13%
56.8 7.2 Andelle
11%
Aucun quiz correspondant
Distribution des résultats
% des personnes avec chaque résultat
Percentile par nombre de réponses
Votre historique - résultats
Vous n’avez pas pris ce quiz